000 00746cam a22002533a 4500
001 31397
003 PGUSA
005 20140828083659.0
008 100225s2010||||xxu|||||s|||||000 | eng d
040 _aPGUSA
_beng
042 _adc
050 4 _aPR
100 1 _aJones, Henry,
_d1721-1770
245 1 4 _aThe Earl of Essex :
_bA Tragedy, in Five Acts
_h[electronic resource] /
_cHenry Jones
260 _bProject Gutenberg,
_c2010
506 _aPublic domain in the USA.
516 _aElectronic text
653 _aTragedies
653 _aEssex, Robert Devereux, Earl of, 1566-1601 -- Drama
700 1 _aInchbald,
_cMrs,
_d1753-1821
830 0 _aProject Gutenberg
_v31397
856 4 0 _uhttp://www.gutenberg.org/ebooks/31397
942 _cEB
999 _c260652
_d260652